01088nam a22001457a 4500003000400000020001800004082001700022100001300039245010100052250000800153260004000161300000800201650003800209653069500247SGT a9789380618784 a541.2242,SON aSONI,P.L aCOORDINATION CHEMISTRY: METAL COMPLEX TRANSITION METAL CHEMISTRY WITH LANTHANIDES AND ACTINIDES  a1ST aNEW DELHIbANE BOOKS PVT.LTD.c2016 a170 aCOORDINATION CHEMISTRY, CHEMISTRY aPART I: CORDINATION CHEMISTRY (METAL COMPLEXES) 1. HISTORICAL BACKGROUND 2. INTRODUCTION 3. CORRECT EMPIRICAL FORMULA OF COMPLEXES 4. IUPAC NOMENCLATURE 5. ISOMERISM AND STEROCHEMISTRY 6. BONDING IN COMPLEXES 7. PREPARATION AND ISOLATION OF COMPLEXES 8. STABILITY OF COMPLEX ION 9. KINETICS OR INERT AND LABILE COMPLEXES 10. SUBSTITUTION REACTIONS IN COMPLEXES 11. METAL CARBONYLS AND NITROSYLS 12. ORGANOMETALLICS PART II: COORDINATION CHEMISTRY (TRANSITION METAL CHEMISTRY) 1. GENERAL CHARACTERISTICS OF D-BLOCK ELEMENTS 2. TITANIUM GROUP 3. VANADIUM GROUP 4. CHROMIUM GROUP 5. THE COBALT GROUP 6. THE ZINC GROUP 7. INNER TRANSITION OF F-BLOCK ELEMENTS: THE LANTHANIDES 8. THE ACTINIDES